书目信息 |
| 题名: |
中级会计实务历年真题详解及押题预测试卷
|
|
| 作者: | 索晓辉 编著 | |
| 分册: | 中级 | |
| 出版信息: | 北京 中国宇航出版社 2011 |
|
| 页数: | 202页 | |
| 开本: | 26cm | |
| 丛书名: | ||
| 单 册: | ||
| 中图分类: | F23-44 | |
| 科图分类: | ||
| 主题词: | 会计--考核--题解 , 会计 | |
| 电子资源: | ||
| ISBN: | 978-7-80218-831-0 | |
| 000 | 00990nam0 2200253 45 | |
| 001 | 1138505625 | |
| 005 | 20110419092217.65 | |
| 010 | @a978-7-80218-831-0@dCNY26.00 | |
| 100 | @a20110409d2011 em y0chiy50 ea | |
| 101 | 0 | @achi |
| 102 | @aCN@b110000 | |
| 105 | @ay q 000yy | |
| 106 | @ar | |
| 200 | 1 | @a中级会计实务历年真题详解及押题预测试卷@AZhong Ji Kuai Ji Shi Wu Li Nian Zhen Ti Xiang Jie Ji Ya Ti Yu Ce Shi Juan@i中级@IZhong Ji@f索晓辉编著@FSuo Xiao Hui Bian Zhu |
| 210 | @a北京@c中国宇航出版社@d2011 | |
| 215 | @a202页@d26cm | |
| 300 | @a2011年版全国会计专业技术技术资格考试 | |
| 330 | @a本书汇编2007~2010年四年真题,深度解析答案,帮助考生吃透考点、把握命题意图。同时以2011年全国会计专业技术资格考试教材为依据,以大纲为指引,结合对近年来命题趋势的把握精心编撰了五套押题预测试卷。 | |
| 606 | 0 | @a会计@x考核@j题解 |
| 606 | 0 | @a会计 |
| 690 | @aF23-44@v4 | |
| 701 | 0 | @a索晓辉@ASuo Xiao Hui@4编著 |
| 801 | 0 | @aCN@bTANGWEI@c20110419 |
| 905 | @b0536362-66@dF23-44@e394:2@f5 | |
| 中级会计实务历年真题详解及押题预测试卷.中级/索晓辉编著.-北京:中国宇航出版社,2011 |
| 202页;26cm |
| 2011年版全国会计专业技术技术资格考试 |
| ISBN 978-7-80218-831-0:CNY26.00 |
| 本书汇编2007~2010年四年真题,深度解析答案,帮助考生吃透考点、把握命题意图。同时以2011年全国会计专业技术资格考试教材为依据,以大纲为指引,结合对近年来命题趋势的把握精心编撰了五套押题预测试卷。 |
| ● |
| 相关链接 |
|
|
|
|
正题名:中级会计实务历年真题详解及押题预测试卷
索取号:F23-44/394:2
 
预约/预借
| 序号 | 登录号 | 条形码 | 馆藏地/架位号 | 状态 | 备注 |
| 1 | 0536362 | 205363621 | 第一样本阅览室/ [索取号:F23-44/394:2] | 在馆 | |
| 2 | 0536363 | 205363630 | 第一借阅区/ [索取号:F23-44/394:2] | 在馆 | |
| 3 | 0536364 | 205363649 | 第一借阅区/ [索取号:F23-44/394:2] | 在馆 | |
| 4 | 0536365 | 205363658 | 第一借阅区/ [索取号:F23-44/394:2] | 在馆 | |
| 5 | 0536366 | 205363667 | 第一借阅区/ [索取号:F23-44/394:2] | 在馆 |